The Resistance Dilemma (Record no. 26199)

MARC details
000 -LEADER
fixed length control field 00521nam a2200133Ia 4500
008 - FIXED-LENGTH DATA ELEMENTS--GENERAL INFORMATION
fixed length control field 220620s9999||||xx |||||||||||||| ||und||
020 ## - INTERNATIONAL STANDARD BOOK NUMBER
International Standard Book Number 9780260000000
100 ## - MAIN ENTRY--PERSONAL NAME
Personal name Hoberg, George
245 #4 - TITLE STATEMENT
Title The Resistance Dilemma
Remainder of title Place-Based Movements and the Climate Crisis
546 ## - LANGUAGE NOTE
Language note English[eng]
650 ## - SUBJECT ADDED ENTRY--TOPICAL TERM
Topical term or geographic name entry element Climate change||keep it in the ground||activism||pipelines||oil sands||resistance||renewable energy||energy politics||indigenous movements
856 ## - ELECTRONIC LOCATION AND ACCESS
Uniform Resource Identifier <a href="https://doi.org/10.7551/mitpress/13668.001.0001">https://doi.org/10.7551/mitpress/13668.001.0001</a>
942 ## - ADDED ENTRY ELEMENTS (KOHA)
Koha item type E-Books
Holdings
Withdrawn status Lost status Damaged status Not for loan Home library Current library Date acquired Total Checkouts Date last seen Price effective from Koha item type
        Kerala University of Digital Sciences, Innovation and Technology Knowledge Centre Kerala University of Digital Sciences, Innovation and Technology Knowledge Centre 20/06/2022   20/06/2022 20/06/2022 E-Books